KOHA-Header-6

Advanced Progamming Language Design (Record no. 6967)

000 -LEADER
fixed length control field 00266nam a2200109Ia 4500
100 ## - MAIN ENTRY--AUTHOR NAME
Personal name Finkel,Raphael A.
245 #0 - TITLE STATEMENT
Title Advanced Progamming Language Design
260 ## - PUBLICATION, DISTRIBUTION, ETC. (IMPRINT)
Place of publication USA
Name of publisher Pearson
Year of publication 1995
300 ## - PHYSICAL DESCRIPTION
Number of Pages 480
942 ## - ADDED ENTRY ELEMENTS (KOHA)
Koha item type Books
Holdings
Withdrawn status Lost status Collection code Permanent Location Current Location Shelving location Date acquired Full call number Accession Number Koha item type
    Computer Science MAJU MAJU   2019-09-11 910.9 511 Computer Science

Powered by Koha